Normal view
MARC view
Entry Término temático
001 - NÚMERO DE CONTROL
- campo de control: 148698
003 - IDENTIFICADOR DEL NÚMERO DE CONTROL
- campo de control: CHAP
005 - FECHA Y HORA DE LA ÚLTIMA TRANSACCIÓN
- campo de control: 20250528173354.0
008 - DATOS DE LONGITUD FIJA
- campo de control de longitud fija: 220127|| aca||aabn | a|a d
040 ## - FUENTE DE LA CATALOGACIÓN
- Centro catalogador/agencia de origen: mxchpua
- Centro/agencia transcriptor: CHAP
150 ## - ENCABEZAMIENTO--TÉRMINO DE MATERIA
- Término de materia o nombre geográfico como elemento de entrada: Entrepreneurship
- Subdivisión geográfica: Mexico
- Subdivisión geográfica: Veracruz
670 ## - FUENTE DE DATOS ENCONTRADOS
- Cita de la fuente: Work cat.: (OSt)170988: Cruz López, Martín Arcadio 29483, Estudio de factibilidad técnico-económica para el establecimiento de una planta beneficadora de hule natural (Hevea brasiliensis) en Playa Vicente, Veracruz /, 1966
